000 00314nam a22001337a 4500
008 170615b xxu||||| |||| 00| 0 eng d
020 _a0813382432
041 _aeng
080 _a329
100 _a19
101 _aSHP
245 _aPOLITICAL AND DEMOCRACY IN CENTRAL AMERICA
_cGOODMAN.L.W
942 _2udc
_cBK
999 _c17480
_d17480